01740cam a22002775a 45000010009000000050017000090080041000260200018000670400057000850820022001421000047001642450088002112500012002992600035003113000034003465000024003805040041004045050696004456500046011416500036011876500057012236530020012809420008013009990017013089520137013251736045420160530114042.0120625t2013 nyua frb 001 0 eng d a9781461441052 aYDXCPcYDXCPdCDXdBWXdMUUdWEAdDLCdEG-ScBUEbeng04a621.3822222bDIN1 aDiniz, Paulo Sergio Ramirez,d1956-93820410aAdaptive filtering :balgorithms and practical implementation /cPaulo S. R. Diniz. a4th ed. aNew York :bSpringer,cc.2013. axxi, 652 p. :bill. ;c24 cm. aIndex : p. 643-652. aIncludes bibliographical references.0 a1. Introduction to adaptive filtering -- 2. Fundamentals of adaptive filtering -- 3. The least-mean-square (LMS) algorithm -- 4. LMS-based algorithms -- 5. Conventional RLS adaptive filter -- 6. Data-selective adaptive filtering -- 7. Adaptive lattice-based RLS algorithms -- 8. Fast transversal RLS algorithms -- 9. QR-decomposition-based RLS filters -- 10. Adaptive HR filters -- 11. Nonlinear adaptive filtering -- 12. Subband adaptive filters -- 13. Blind adaptive filters -- 14. Complex differentiation -- 15. Quantization effects in the LMS algorithm -- 16. Quantization effects in the RLS algorithm -- 17. Kalman filters -- 18. Analysis of set-membership affine projection algorithm. 7aAdaptive signal processing.2BUEsh928945 7aAdaptive filters.2BUEsh912281 7aSignal processingxDigital techniques.2BUEsh923318 bCOMSCIcMay2016 2ddc c21823d21795 00102ddc40708AlahramaMAINbMAINc1STd2016-05-30ePurchaseg777.00l0o621.3822 DINp000032605r2025-07-15 00:00:00v971.25yBB